|
|
|
|
| LEADER |
00000nam a22000007a 4500 |
| 005 |
20210414215613.0 |
| 007 |
cr|||| |||| |
| 008 |
210414s2020 es |||||s|||| 00||0 spa d |
| 020 |
|
|
|a 978-84-1324-681-6
|
| 035 |
|
|
|a 32132
|
| 040 |
|
|
|a vLex
|
| 090 |
|
|
|c 11453
|d 11453
|
| 100 |
1 |
|
|a Soriano Ayala, Encarnacin̤
|
| 245 |
1 |
0 |
|a Estudio de la feminizacin̤ de los procesos migratorios en contextos transnacionales y transculturales
|h [Recurso electrn̤ico] /
|c Encarnacin̤ Soriano Ayala, Rachida Dalouh
|
| 256 |
|
|
|a Servicio en ln̕ea
|
| 260 |
|
|
|a Madrid:
|b Dykinson,
|c 2020
|
| 300 |
|
|
|a 1 recurso electrn̤ico
|
| 506 |
1 |
|
|a Disponible solo en los productos indicados
|d vLex Global
|d vLex Global (Academic Edition, excluding Law Schools)
|d vLex Global (U.S. Academic Edition, Law Schools)
|d vLex Global (U.S. Academic Edition, excluding Law Schools)
|d vLex Global (Academic Edition, Law Schools)
|
| 650 |
0 |
4 |
|a Derecho Constitucional
|z Espaą
|
| 700 |
1 |
|
|a Dalouh, Rachida
|
| 740 |
0 |
|
|a vLex Libros (Servicio en ln̕ea)
|
| 856 |
4 |
0 |
|u https://vlex.com/source/estudio-feminizacion-procesos-migratorios-contextos-transnacionales-transculturales-32132
|z Acceso restringido
|
| 942 |
|
|
|c BOOK
|
| 999 |
0 |
|
|a Constitutional right
|